| 000 | 01309nac a22002891u 4500 | ||
|---|---|---|---|
| 010 | _a2005932192 | ||
| 020 | _a0324374240 | ||
| 020 | _a0324359373 | ||
| 020 | _a0324359195 (pbk.) | ||
| 035 | _a(OCoLC)ocm63680733 | ||
| 082 |
_a339 _bH1741 |
||
| 090 |
_c1493 _d1493 |
||
| 100 | _aHall, Robert Ernest, | ||
| 245 | 1 | 0 |
_aMacroeconomics : _bprinciples and applications / _cRobert E. Hall, Marc Lieberman. |
| 250 | _a3rd ed., 2006 update. | ||
| 260 |
_aMason, OH : _bThomson/South-Western, _cc2006. |
||
| 300 |
_axxiii, 528, [14] p. : _bill. ; _c26 cm. |
||
| 504 | _aIncludes bibliographical references and index. | ||
| 650 | 0 | _aMacroeconomics. | |
| 700 | 1 | _aLieberman, Marc. | |
| 942 |
_cTB _k339H1741 |
||
| 999 |
_c1493 _d1493 |
||